| 000 | 00891nam a2200229 a 4500 | ||
|---|---|---|---|
| 001 | 62891 | ||
| 003 | BD-RjUL | ||
| 005 | 20211209081134.0 | ||
| 008 | 170126s1988 bg ||||| |||| 00| f ben d | ||
| 020 | _c: Tk. 25.00 | ||
| 035 | _a(BD-RjUL)63019 | ||
| 040 |
_aBD-RjUL _bben _cBD-RjUL |
||
| 041 | _aben | ||
| 082 |
_223 _a843 _bHOV 1988 |
||
| 100 |
_aহোসেন, হোসেনউদ্দীন _9173234 |
||
| 245 | 1 | 0 |
_aভলতেয়ার-ফ্লবেয়ার-তলস্তয় : _bত্রয়ী উপন্যাস ও যুগমানস / _cহোসেনউদ্দীন হোসেন |
| 260 |
_aঢাকা : _bবাংলা একাডেমী, _c১৯৮৮ |
||
| 300 |
_a[৮], ৭১ পৃ. ; _c২৩ সেমি. |
||
| 650 |
_aফরাসি উপন্যাস _9170454 |
||
| 650 |
_aFrench Fiction _9187010 |
||
| 942 |
_2ddc _cBK |
||
| 999 |
_c62891 _d62891 |
||